000 00813cab a2200277 4500
001 ABS55918
008 090401t1996 xxu||||| |||| 00| 0 eng d
035 _a(Sirsi) u19802
041 _aeng
110 _aGardiner and Theobald
_9719
245 _aForesite
260 _c1996
350 _a0
490 _aBuilding Procurement
_vOctober 1996, 18-25(8)
520 _aTables of average procurement lead times, orders, tender price forecast to 1998 and materials prices. Analysis of demolition industry.
650 _aCONSTRUCTION PROCUREMENT
650 _aLEAD TIMES
650 _aMATERIAL PRICES
650 _aREGIONS
650 _aTENDER PRICE FORECAST
650 _aBCIS ALL-IN TENDER PRICE INDEX
690 _aBUILT ENVIRONMENT
710 _aMace
_9462
942 _n0
948 _c04/03/1997
999 _c13258
_d13258